[Event "London Classic Open 2019"]
[Site "London ENG"]
[Date "2019.12.04"]
[Round "7.58"]
[White "Megias, Eva"]
[Black "Chapman, Matt"]
[Result "0-1"]
[WhiteElo "1586"]
[BlackElo "1937"]
[WhiteFideId "465062"]
[BlackFideId "435848"]
[EventDate "2019.11.29"]

1. e4 e5 2. f4 exf4 3. Nf3 Nf6 4. e5 Nh5 5. Bc4 d6 6. O-O d5 7. Bb3 g6 8. d4 Bg7
9. c4 dxc4 10. Bxc4 O-O 11. Nc3 Nc6 12. a3 Bg4 13. Ne2 Bxf3 14. Rxf3 Nxe5 15.
Rc3 Nxc4 16. Rxc4 c6 17. Nxf4 Nxf4 18. Bxf4 Qd5 19. Rac1 Rad8 20. Be3 Rfe8 21.
Bf2 Bf8 22. b4 Re4 23. a4 Rde8 24. a5 a6 25. Qd2 Bd6 26. Qh6 Bf4 27. Qh3 Bxc1
28. Rxc1 Qg5 29. Rf1 Qd2 30. Qb3 Rf4 31. g3 Rf6 32. Qd1 Rxf2 0-1

[Event "London Classic Open 2019"]
[Site "London ENG"]
[Date "2019.12.04"]
[Round "7.59"]
[White "Vaddadi, Seshagiri"]
[Black "Chilton, James I"]
[Result "1-0"]
[WhiteElo "2042"]
[BlackElo "1711"]
[WhiteFideId "411183"]
[BlackFideId "423009"]
[EventDate "2019.11.29"]

1. e4 c5 2. Nf3 e6 3. d4 cxd4 4. Nxd4 a6 5. c4 Nc6 6. Nc3 Qc7 7. Be3 Nf6 8. a3
Ne5 9. Rc1 Be7 10. Be2 O-O 11. f4 Ng6 12. O-O Bc5 13. e5 Ne8 14. Ne4 Ba7 15. c5
Nxe5 16. fxe5 Qxe5 17. Qd3 f5 18. Ng5 Bxc5 19. Rxc5 Qxc5 20. Nxf5 Qxf5 21. Rxf5
Rxf5 22. g4 Re5 23. Qxh7+ Kf8 24. Qg6 Nd6 25. Nh7+ Kg8 26. Bh6 Ne8 27. Nf6+ 1-0

[Event "London Classic Open 2019"]
[Site "London ENG"]
[Date "2019.12.04"]
[Round "7.60"]
[White "Rahman, Yad"]
[Black "Karamazondo, Ernest"]
[Result "0-1"]
[WhiteElo "1303"]
[BlackElo "1972"]
[WhiteFideId "467626"]
[BlackFideId "447340"]
[EventDate "2019.11.29"]

1. d4 Nf6 2. c4 e5 3. dxe5 Ng4 4. Nf3 Bc5 5. e3 Nc6 6. Nc3 Ngxe5 7. Nxe5 Nxe5 8.
Be2 O-O 9. O-O Re8 10. b3 a5 11. Bb2 Ra6 12. Ne4 Ba7 13. Ng3 Qh4 14. Qd5 Rh6 15.
h3 d6 16. Bxe5 Rxe5 17. Qf3 Rf6 0-1

[Event "London Classic Open 2019"]
[Site "London ENG"]
[Date "2019.12.04"]
[Round "7.61"]
[White "Jacobs, Robert"]
[Black "Tombolis, Christopher"]
[Result "1-0"]
[WhiteElo "1935"]
[BlackElo "1824"]
[WhiteFideId "450049"]
[BlackFideId "433691"]
[EventDate "2019.11.29"]

1. g3 d5 2. Bg2 Nf6 3. Nf3 e6 4. d4 Be7 5. O-O O-O 6. c4 dxc4 7. Qc2 a6 8. a4
Bd7 9. Qxc4 Bc6 10. Bf4 Nd5 11. Bd2 b5 12. Qc2 Nb6 13. a5 Nc4 14. Bc3 f5 15. b3
Be4 16. Qc1 Nd6 17. Nbd2 Nd7 18. Bb4 Bd5 19. Qa3 Re8 20. Rac1 Rc8 21. Rfd1 Nb7
22. Nf1 Bxb4 23. Qxb4 c5 24. dxc5 Qxa5 25. Qh4 Nf6 26. b4 Qa2 27. Ne3 Qxe2 28.
Rd2 Bxf3 29. Rxe2 Bxe2 30. Bxb7 Rc7 31. c6 Bf3 32. Qf4 Rxb7 33. cxb7 Bxb7 34.
Rc7 e5 35. Qg5 1-0

[Event "London Classic Open 2019"]
[Site "London ENG"]
[Date "2019.12.04"]
[Round "7.62"]
[White "Saravanan, Aadarsh"]
[Black "Phillips, Owen S"]
[Result "1/2-1/2"]
[WhiteElo "1711"]
[BlackElo "1902"]
[WhiteFideId "440078"]
[BlackFideId "417882"]
[EventDate "2019.11.29"]

1. d4 Nf6 2. c4 e5 3. dxe5 Ng4 4. Nf3 Bc5 5. e3 Nc6 6. Nc3 Ngxe5 7. Nxe5 Nxe5 8.
Be2 O-O 9. O-O d6 10. b3 Bd7 11. Bb2 Bc6 12. Nd5 Bxd5 13. cxd5 f5 14. Rc1 Qe7
15. Qd2 Rae8 16. Bb5 Rc8 17. h3 a6 18. Be2 Rce8 1/2-1/2

[Event "London Classic Open 2019"]
[Site "London ENG"]
[Date "2019.12.04"]
[Round "7.64"]
[White "Zhao, Haolin"]
[Black "Kumar, Sanjit S"]
[Result "1-0"]
[WhiteElo "1842"]
[BlackElo "1469"]
[WhiteFideId "428680"]
[BlackFideId "468142"]
[EventDate "2019.11.29"]

1. e4 e5 2. Nf3 Nc6 3. Bb5 a6 4. Bxc6 dxc6 5. O-O Bd6 6. d4 exd4 7. Qxd4 f6 8.
Nc3 Ne7 9. Re1 Ng6 10. Qc4 Ne5 11. Nxe5 fxe5 12. Be3 Qf6 13. Rad1 Be6 14. Qe2
O-O 15. a3 Rad8 16. Na4 Qg6 17. f3 b6 18. Nc3 a5 19. Qf2 Rf7 20. Kh1 Qh5 21. Ne2
Rdf8 22. Ng3 Qg6 23. b3 Bxa3 24. Rd3 Bd6 25. Bxb6 Ra8 26. Bc5 Bc8 27. Red1 Rd7
28. R3d2 Bxc5 29. Qxc5 Rxd2 30. Rxd2 Qf6 31. Qc4+ Qe6 32. Rd8+ Kf7 33. Qxe6+
Kxe6 34. Kg1 Bb7 35. Rxa8 Bxa8 36. Kf2 c5 37. Nf5 g6 38. Ne3 Bc6 39. Nc4 a4 40.
bxa4 Bxa4 41. Ne3 h5 42. h4 Bc6 43. Nc4 Bb5 44. Nd2 Ba4 45. c3 Bb5 46. Ke1 Kf6
47. Kd1 g5 48. g3 gxh4 49. gxh4 Ke6 50. Ke1 Kf6 51. Nf1 Be8 52. Ne3 Bc6 53. Kf2
Bb7 54. Nc4 Ba6 55. Nb2 Bb5 56. Ke3 Ke6 57. f4 Kf6 58. Nd1 Bd7 59. Nf2 Bc8 60.
Nd3 exf4+ 61. Kxf4 c4 62. Ne5 Be6 63. Nf3 Bg4 64. Nd4 Be6 65. Nxe6 Kxe6 66. e5
c6 67. Ke4 c5 68. Kf4 Ke7 69. Kf5 Kf7 70. e6+ Ke7 71. Ke5 Ke8 72. Kd6 Kd8 73.
Kxc5 Ke7 74. Kxc4 Kxe6 75. Kd4 Kf5 76. c4 Kg4 77. c5 Kxh4 78. c6 Kg3 79. c7 h4
80. c8=Q h3 81. Qc6 Kh2 82. Qf3 Kg1 83. Qg3+ Kf1 84. Qxh3+ Ke2 85. Qg2+ Kd1 86.
Kd3 Kc1 87. Qc2# 1-0

[Event "London Classic Open 2019"]
[Site "London ENG"]
[Date "2019.12.04"]
[Round "7.65"]
[White "Volovich, Julia"]
[Black "Lovell, William Pm"]
[Result "0-1"]
[WhiteElo "1753"]
[BlackElo "1843"]
[WhiteFideId "447099"]
[BlackFideId "431060"]
[EventDate "2019.11.29"]

1. d4 d5 2. c4 dxc4 3. e4 e5 4. Nf3 Bb4+ 5. Nc3 exd4 6. Nxd4 Nd7 7. Bxc4 Ngf6 8.
Bxf7+ Kxf7 9. Qb3+ Ke8 10. Ne6 Nc5 11. Nxc5 Bxc5 12. e5 Qe7 13. O-O Ng4 14. Ne4
Qxe5 15. g3 Qxe4 16. Bd2 Nxf2 17. Rxf2 Bxf2+ 18. Kxf2 Qd4+ 19. Be3 Rf8+ 20. Kg1
Qe5 21. Re1 Be6 22. Qxb7 Bd5 23. Qb5+ Kf7 24. Qd7+ Kg8 25. Qb5 Qe4 0-1

[Event "London Classic Open 2019"]
[Site "London ENG"]
[Date "2019.12.04"]
[Round "7.66"]
[White "Bansal, Saahil"]
[Black "Barasi, Paul Dl"]
[Result "0-1"]
[WhiteElo "1751"]
[BlackElo "1770"]
[WhiteFideId "438316"]
[BlackFideId "432830"]
[EventDate "2019.11.29"]

1. d4 d5 2. c4 Nc6 3. cxd5 Qxd5 4. e3 e5 5. Nc3 Bb4 6. Bd2 Bxc3 7. bxc3 Nf6 8.
f3 e4 9. Be2 O-O 10. fxe4 Qxe4 11. Bf3 Qd3 12. Ne2 Re8 13. Nf4 Qa6 14. Be2 Qa3
15. O-O a6 16. Bf3 Na5 17. Re1 Bf5 18. Nd5 Nxd5 19. Bxd5 Bg6 20. h4 c6 21. Bf3
Qe7 22. h5 Be4 23. Bxe4 Qxe4 24. Qa4 b6 25. Rab1 Qd3 26. Red1 Qe2 27. Bc1 b5 28.
Qxa5 Qxd1+ 29. Kh2 Qxh5+ 30. Kg1 Qd1+ 31. Kh2 Re6 32. e4 Rxe4 33. c4 Qh5+ 34.
Kg3 Qg4+ 35. Kf2 Re2+ 36. Kf1 Qxg2# 0-1

[Event "London Classic Open 2019"]
[Site "London ENG"]
[Date "2019.12.04"]
[Round "7.67"]
[White "Drastik, Penelope"]
[Black "Voiculescu-Holvad, Stefan"]
[Result "1/2-1/2"]
[WhiteElo "1759"]
[BlackElo "1614"]
[WhiteFideId "3214850"]
[BlackFideId "20692005"]
[EventDate "2019.11.29"]

1. d4 Nf6 2. c4 d6 3. Nf3 g6 4. Nc3 Bg7 5. Bg5 Nbd7 6. e3 c6 7. Be2 Qc7 8. O-O
O-O 9. Qc2 e5 10. Rac1 Re8 11. Rfd1 h6 12. Bh4 Nf8 13. b4 exd4 14. Nxd4 Ne6 15.
Nb3 Rd8 16. Rd2 Qe7 17. Rcd1 g5 18. Bg3 d5 19. cxd5 Nxd5 20. Nxd5 cxd5 21. a3 b6
22. Bf3 Bb7 23. Bxd5 Bxd5 24. Rxd5 Rxd5 25. Rxd5 Rd8 26. Rxd8+ Qxd8 27. Kf1 b5
28. Ke2 Qd5 29. f3 Be5 30. Bxe5 Qxe5 31. g3 h5 32. Qd3 h4 33. Nd4 hxg3 34. hxg3
Nxd4+ 35. Qxd4 Qxg3 36. Qxa7 Qg2+ 37. Kd3 Qxf3 38. Qb8+ Kh7 39. Kd4 Qe2 40. Qe8
Qc4+ 41. Ke5 Qe6+ 42. Qxe6 fxe6 43. Ke4 Kg6 44. a4 bxa4 45. b5 a3 46. b6 a2 47.
b7 a1=Q 48. b8=Q Qh1+ 49. Kd3 Qd5+ 50. Ke2 Qg2+ 51. Kd3 Qd5+ 52. Ke2 1/2-1/2

[Event "London Classic Open 2019"]
[Site "London ENG"]
[Date "2019.12.04"]
[Round "7.69"]
[White "Lim, Kai Jun"]
[Black "Cotter, Len"]
[Result "1-0"]
[WhiteElo "1356"]
[BlackElo "1665"]
[WhiteFideId "5819296"]
[BlackFideId "431419"]
[EventDate "2019.11.29"]

1. e4 c5 2. Nf3 d6 3. d4 cxd4 4. Nxd4 Nf6 5. Nc3 a6 6. Be2 e5 7. Nb3 Be7 8. O-O
O-O 9. Bf3 Be6 10. Be3 Nbd7 11. h3 Rc8 12. Qd2 Nb6 13. Bxb6 Qxb6 14. Nd5 Bxd5
15. exd5 h6 16. Rfe1 Nh7 17. c3 f5 18. Qc2 Ng5 19. Be2 Rf6 20. Rf1 Rcf8 21. Kh2
e4 22. Rad1 f4 23. h4 Nf7 24. Qxe4 Ne5 25. Bf3 Nxf3+ 26. Qxf3 Rf5 27. Nd4 Re5
28. Rfe1 Bxh4 29. Rxe5 dxe5 30. Ne6 Rf7 31. Rd2 Be7 32. Qe4 Bd6 33. c4 Qb4 34.
Rc2 b6 35. Nd8 Rf6 36. Nc6 Qa4 37. b3 Qa3 38. Nxe5 Bb8 39. Nd7 Qd6 40. Nxf6+
Qxf6 41. Qe6+ Qxe6 42. dxe6 Kf8 43. Kh3 Bd6 44. Kg4 g6 45. Re2 Ke7 46. Re4 a5
47. Rxf4 Bxf4 48. Kxf4 Kxe6 49. Ke4 Kd6 50. a3 Kc5 51. Ke5 a4 52. bxa4 Kxc4 53.
Kf6 g5 54. Kg6 Kb3 55. Kxh6 Kxa3 56. Kxg5 Kxa4 57. f4 b5 58. f5 b4 59. f6 b3 60.
f7 b2 61. f8=Q b1=Q 62. Qa8+ 1-0

[Event "London Classic Open 2019"]
[Site "London ENG"]
[Date "2019.12.05"]
[Round "8.1"]
[White "Aravindh, Chithambaram VR."]
[Black "Praggnanandhaa, R"]
[Result "1/2-1/2"]
[WhiteTitle "GM"]
[BlackTitle "GM"]
[WhiteElo "2605"]
[BlackElo "2586"]
[WhiteFideId "5072786"]
[BlackFideId "25059530"]
[EventDate "2019.11.29"]

1. d4 Nf6 2. c4 e6 3. Nf3 d5 4. Bg5 h6 5. Bxf6 Qxf6 6. e3 g6 7. Nbd2 Bg7 8. Rc1
c6 9. Bd3 O-O 10. O-O Nd7 11. e4 dxc4 12. Nxc4 c5 13. e5 Qd8 14. dxc5 Nxc5 15.
Bb1 Nd7 16. Re1 b5 17. Nd6 Rb8 18. Qd2 Nb6 19. Nxb5 Qxd2 20. Nxd2 Bxe5 21. Rxe5
Nd7 22. Ree1 Rxb5 23. b3 Nf6 24. Rc7 Rb7 25. Rc5 Rd7 26. Ne4 Nxe4 27. Bxe4 Rfd8
28. h3 Bb7 29. Bxb7 Rxb7 30. Rec1 Rd2 31. R1c2 Rdd7 32. Kf1 Kf8 33. Ke2 Ke7 34.
Rd2 Rdc7 35. Rdc2 Rxc5 36. Rxc5 Kd6 37. Rc4 Rb5 38. Kd3 Rf5 39. f3 Rg5 40. g4 h5
41. b4 hxg4 42. hxg4 Rd5+ 43. Rd4 f5 44. g5 e5 45. Rxd5+ Kxd5 46. a3 a6 47. a4
Kd6 48. Kc4 Kc6 49. b5+ axb5+ 50. axb5+ Kd6 51. b6 Kc6 52. b7 Kxb7 53. Kd5 e4
54. fxe4 f4 55. Kd4 Kc6 56. e5 f3 57. Ke3 Kd5 58. Kxf3 Kxe5 59. Ke3 1/2-1/2

[Event "London Classic Open 2019"]
[Site "London ENG"]
[Date "2019.12.05"]
[Round "8.6"]
[White "Moussard, Jules"]
[Black "McDonald, Neil"]
[Result "1-0"]
[WhiteTitle "GM"]
[BlackTitle "GM"]
[WhiteElo "2600"]
[BlackElo "2412"]
[WhiteFideId "642908"]
[BlackFideId "400629"]
[EventDate "2019.11.29"]

1. e4 e6 2. d4 d5 3. Nc3 Nf6 4. e5 Nfd7 5. Nce2 c5 6. c3 Nc6 7. Nf3 Qa5 8. Bf4
Qb6 9. Rb1 f6 10. exf6 Nxf6 11. g3 cxd4 12. Nexd4 Nxd4 13. Nxd4 Bd6 14. Bxd6
Qxd6 15. Bb5+ Kf7 16. f4 e5 17. fxe5 Qxe5+ 18. Qe2 Qxe2+ 19. Bxe2 Bh3 20. Bf3 g5
21. Rg1 h5 22. Kd2 Rae8 23. Rbe1 Rxe1 24. Rxe1 h4 25. Re5 Kg6 26. Ke1 hxg3 27.
hxg3 Bg4 28. Bxg4 Nxg4 29. Rxd5 Rh1+ 30. Kd2 Rh2+ 31. Ne2 Nf6 32. Re5 Kf7 33. b4
g4 34. Ke3 Rh1 35. a4 Re1 36. Rb5 b6 37. a5 Rd1 38. Nd4 Rc1 39. Ne2 Rd1 40. c4
Rd6 41. Nf4 bxa5 42. Rxa5 Rd7 43. Rf5 Kg7 44. Nh5+ Nxh5 45. Rxh5 Kg6 46. Rd5 Rf7
47. c5 Rf3+ 48. Kd4 Rb3 49. c6 Rxb4+ 50. Kc5 Rb3 51. c7 1-0

[Event "London Classic Open 2019"]
[Site "London ENG"]
[Date "2019.12.05"]
[Round "8.9"]
[White "Percivaldi, Martin"]
[Black "Pert, Richard G"]
[Result "1-0"]
[WhiteTitle "IM"]
[BlackTitle "IM"]
[WhiteElo "2384"]
[BlackElo "2436"]
[WhiteFideId "1508148"]
[BlackFideId "404748"]
[EventDate "2019.11.29"]

1. Nf3 d5 2. g3 g6 3. Bg2 Bg7 4. d4 Nf6 5. O-O O-O 6. c4 dxc4 7. Na3 Nc6 8. Nxc4
Be6 9. b3 a5 10. a4 Bd5 11. Bb2 Qc8 12. e3 b6 13. Nfe5 Bxg2 14. Kxg2 Nxe5 15.
Nxe5 Qb7+ 16. Qf3 Ne4 17. Rac1 c5 18. Rfd1 f5 19. Nc4 Rad8 20. dxc5 Rxd1 21.
Rxd1 Bxb2 22. Nxb2 bxc5 23. Rd3 g5 24. Kg1 g4 25. Qf4 e6 26. Nc4 Qg7 27. Qe5 Ng5
28. Qxg7+ Kxg7 29. Nxa5 Nf3+ 30. Kf1 Nxh2+ 31. Ke2 Nf3 32. Nc4 Kf6 33. a5 Ra8
34. Rd6 Ne5 35. a6 Ke7 36. Rb6 Nd7 37. Rc6 Ra7 38. Nb6 Nxb6 39. Rxb6 Kf6 40. Kd3
Ke5 41. Kc4 Rd7 42. Kxc5 h5 43. Rb7 Rd2 44. Rb4 Rxf2 45. a7 Rc2+ 46. Rc4 Ra2 47.
Ra4 Rc2+ 48. Kb4 Rc8 49. a8=Q Rxa8 50. Rxa8 Ke4 51. Kc4 Kxe3 52. b4 h4 53. b5
hxg3 54. b6 g2 55. Ra1 Kf2 56. b7 g1=Q 57. Rxg1 Kxg1 58. b8=Q Kf2 59. Qf4+ Kg2
60. Kd4 g3 61. Ke3 e5 62. Qxe5 f4+ 63. Qxf4 Kh1 64. Kf3 g2 65. Qh4+ 1-0

[Event "London Classic Open 2019"]
[Site "London ENG"]
[Date "2019.12.05"]
[Round "8.10"]
[White "Cherniaev, Alexander"]
[Black "Cumming, Rhys"]
[Result "1-0"]
[WhiteTitle "GM"]
[WhiteElo "2428"]
[BlackElo "2284"]
[WhiteFideId "4117301"]
[BlackFideId "470163"]
[EventDate "2019.11.29"]

1. g3 e5 2. Bg2 d5 3. d3 Nf6 4. Nf3 Bd6 5. O-O O-O 6. Nbd2 c6 7. e4 Bc7 8. b3
Re8 9. Bb2 a5 10. a3 Nbd7 11. exd5 cxd5 12. c4 Nf8 13. Re1 Ng6 14. cxd5 Nxd5 15.
d4 exd4 16. Rxe8+ Qxe8 17. Nxd4 Nf6 18. Qc2 Bd6 19. Nc4 Bf8 20. Nb6 Rb8 21. Qc3
Qe5 22. Nxc8 Bc5 23. Bh3 Ne4 24. Qd3 Ng5 25. Bf5 Bxd4 26. Bxd4 Qxd4 27. Rd1 Qe5
28. Qd6 Nf8 29. Qxe5 Nf3+ 30. Kg2 Nxe5 31. Ne7+ Kh8 32. Rd5 Nc6 33. Nxc6 bxc6
34. Rxa5 Rxb3 35. Be4 Rb6 36. Ra8 Kg8 37. a4 c5 38. a5 Rb4 39. Bc6 c4 40. a6 1-0

[Event "London Classic Open 2019"]
[Site "London ENG"]
[Date "2019.12.05"]
[Round "8.11"]
[White "Sowray, Peter J"]
[Black "Merry, Alan B"]
[Result "0-1"]
[WhiteTitle "FM"]
[BlackTitle "IM"]
[WhiteElo "2316"]
[BlackElo "2426"]
[WhiteFideId "400971"]
[BlackFideId "418811"]
[EventDate "2019.11.29"]

1. d4 Nf6 2. c4 e6 3. Nc3 Bb4 4. e3 O-O 5. Ne2 Re8 6. a3 Bf8 7. Ng3 d5 8. Be2 b6
9. O-O Bb7 10. b4 c6 11. Bb2 Nbd7 12. Qb3 a5 13. e4 Nxe4 14. Ncxe4 dxe4 15. bxa5
Rxa5 16. Nxe4 c5 17. Qe3 Qa8 18. Bf3 cxd4 19. Bxd4 Ne5 20. Bxb6 Nxc4 21. Qd4 Ra4
22. Nc3 Bxf3 23. Nxa4 Bd5 24. Nc3 Nxb6 25. Qxb6 Bxg2 26. Rfb1 Bh1 27. Kf1 h5 28.
Qe3 Rd8 29. Ke2 Bf3+ 30. Kf1 Qa6+ 31. Nb5 Qc6 32. Rb3 Bd1 33. Kg1 Bxb3 34. Nd4
Qc4 35. Nxb3 Rd3 0-1

[Event "London Classic Open 2019"]
[Site "London ENG"]
[Date "2019.12.05"]
[Round "8.14"]
[White "Risting, Eivind Olav"]
[Black "Kirk, Ezra"]
[Result "0-1"]
[WhiteTitle "FM"]
[BlackTitle "IM"]
[WhiteElo "2298"]
[BlackElo "2433"]
[WhiteFideId "1517333"]
[BlackFideId "600067"]
[EventDate "2019.11.29"]

1. d4 Nf6 2. c4 e6 3. Nc3 Bb4 4. Bd2 b6 5. Nf3 Bb7 6. e3 Bxc3 7. Bxc3 Ne4 8. Rc1
O-O 9. Be2 d6 10. O-O Nd7 11. Be1 f5 12. b4 Kh8 13. c5 Bd5 14. Bc4 Bxc4 15. Rxc4
b5 16. Rc1 d5 17. a4 a6 18. Ra1 c6 19. Qd3 Qb8 20. Bc3 f4 21. Bd2 fxe3 22. Bxe3
bxa4 23. Rxa4 Qb5 24. Qxb5 axb5 25. Raa1 h6 26. Rfc1 Ra4 27. Rxa4 bxa4 28. Ra1
Ra8 29. Ra3 Kg8 30. Bf4 Ra7 31. Ne1 g5 32. Be3 e5 33. Nd3 exd4 34. Bxd4 Nd2 35.
Nb2 Rb7 36. Rxa4 Nb3 37. Bc3 d4 38. Be1 Ne5 39. Nd1 Nd3 40. Ra8+ Kf7 41. Ra3 Re7
42. Ne3 dxe3 43. Rxb3 Nxe1 44. fxe3 Nc2 45. b5 cxb5 46. Rxb5 Nxe3 47. Kf2 Nd5
48. c6 Ke6 49. Kg3 Rc7 50. h4 Nc3 51. Rb7 Rxc6 52. hxg5 hxg5 53. Kg4 Kf6 54. Kh5
Nd5 55. g3 Nc7 56. Rb1 Ne6 57. Rf1+ Ke7 58. Rf3 Rc5 59. Kg6 Re5 60. Kh5 Nc5 61.
Ra3 Ke6 62. Ra8 Kf5 63. Rf8+ Ke4 64. Kg4 Ke3 65. Rf1 Ke2 66. Rf6 Ne4 67. Rf8
Nf2+ 68. Kh5 g4+ 69. Kh4 Re7 70. Rf5 Kf1 71. Ra5 Kg2 72. Rh5 Re1 73. Ra5 Rh1+
74. Kg5 Rh3 0-1

[Event "London Classic Open 2019"]
[Site "London ENG"]
[Date "2019.12.05"]
[Round "8.21"]
[White "Clarke, Brandon G I"]
[Black "Stanisz, Patryk"]
[Result "1-0"]
[WhiteTitle "IM"]
[WhiteElo "2431"]
[BlackElo "2139"]
[WhiteFideId "400319"]
[BlackFideId "1123106"]
[EventDate "2019.11.29"]

1. e4 c6 2. Ne2 d5 3. e5 c5 4. d4 Nc6 5. c3 Bf5 6. dxc5 e6 7. b4 Nxe5 8. Nd4
Bxb1 9. Rxb1 a6 10. Qa4+ Nd7 11. c4 Nf6 12. c6 Nb6 13. Qa5 bxc6 14. Nxc6 Qc7 15.
c5 Qxc6 16. cxb6 d4 17. f3 Nd5 18. Bd2 Qxb6 19. Bc4 Qxa5 20. bxa5 Ne3 21. Bd3
Bc5 22. Bxa6 Ke7 23. Bb7 Rhb8 24. Ke2 Ra7 25. a6 Nc4 26. Rbc1 d3+ 27. Kxd3 Nb2+
28. Ke2 Bd4 29. Rc7+ Kf6 30. Rb1 Be5 31. Bc3 Bxc3 32. Rxc3 Na4 33. Rc4 Rxa6 34.
Bxa6 Rxb1 35. Rxa4 Rb2+ 36. Kf1 1-0

[Event "London Classic Open 2019"]
[Site "London ENG"]
[Date "2019.12.05"]
[Round "8.22"]
[White "Czerw, Dawid"]
[Black "Bucher, Grant W"]
[Result "1/2-1/2"]
[WhiteTitle "FM"]
[WhiteElo "2255"]
[BlackElo "2121"]
[WhiteFideId "1145746"]
[BlackFideId "413810"]
[EventDate "2019.11.29"]

1. d4 Nf6 2. c4 g6 3. Nc3 d5 4. Nf3 Bg7 5. Bg5 Ne4 6. h4 c5 7. cxd5 Nxc3 8. bxc3
Qxd5 9. e3 cxd4 10. exd4 Nc6 11. Be2 O-O 12. O-O h6 13. Be3 Rd8 14. h5 g5 15.
Nd2 Qa5 16. Qb3 Be6 17. Qxb7 Qxc3 18. Rac1 Nxd4 19. Rxc3 Nxe2+ 20. Kh1 Nxc3 21.
a3 Nd5 22. Nf3 Nxe3 23. fxe3 Bf6 24. Nd4 Bd5 25. Nc6 Kg7 26. Qb5 a6 27. Qa4 Rd6
28. Nd4 Bxd4 29. Qxd4+ Kg8 30. Qe5 Be6 31. Rc1 Rad8 32. Rc7 R6d7 33. Rxd7 Rxd7
34. Qb8+ Kg7 35. Qe5+ Kg8 36. Qb8+ Kg7 1/2-1/2

[Event "London Classic Open 2019"]
[Site "London ENG"]
[Date "2019.12.05"]
[Round "8.29"]
[White "Manfay, Mate"]
[Black "Orgler, Philipp"]
[Result "1/2-1/2"]
[WhiteElo "2197"]
[BlackElo "2047"]
[WhiteFideId "730998"]
[BlackFideId "1604236"]
[EventDate "2019.11.29"]

1. c4 e6 2. Nf3 d5 3. g3 c5 4. Bg2 Nc6 5. cxd5 exd5 6. d4 Nf6 7. O-O Be7 8. Nc3
O-O 9. dxc5 Bxc5 10. a3 Ne4 11. Nxd5 Be6 12. Nc3 Nxc3 13. bxc3 Qxd1 14. Rxd1
Rfd8 15. Re1 h6 16. a4 Na5 17. e3 Bd5 18. Ba3 Bxa3 19. Rxa3 Nc4 20. Raa1 Rac8
21. Red1 b6 22. Rd4 Bxf3 23. Bxf3 Ne5 24. Be4 Re8 25. Rc1 Rc5 26. Kg2 Rec8 27.
Bf5 Re8 28. Be4 g6 29. h3 Rec8 30. f4 Nc4 31. Kf2 Ra5 32. Bc2 Rc7 33. Bb3 Rac5
34. Bxc4 Rxc4 35. Ke2 Rxc3 36. Rxc3 Rxc3 37. Rd7 a5 38. Rd4 Ra3 39. g4 Kg7 40.
g5 hxg5 41. fxg5 Ra1 42. h4 Kf8 43. Re4 Rb1 1/2-1/2

[Event "London Classic Open 2019"]
[Site "London ENG"]
[Date "2019.12.05"]
[Round "8.31"]
[White "Ogunshola, Ben"]
[Black "Semprun Martinez, Fernando"]
[Result "1-0"]
[WhiteElo "2169"]
[BlackElo "2071"]
[WhiteFideId "8500231"]
[BlackFideId "2203170"]
[EventDate "2019.11.29"]

1. c4 e5 2. Nc3 Nf6 3. Nf3 Nc6 4. g3 Bb4 5. Bg2 O-O 6. O-O e4 7. Ng5 Bxc3 8.
bxc3 Re8 9. d3 exd3 10. exd3 h6 11. Ne4 b6 12. Rb1 Bb7 13. Rb5 Nxe4 14. Bxe4 Na5
15. Bxb7 Nxb7 16. Qg4 Re6 17. Rh5 Rg6 18. Qf3 Nd6 19. c5 bxc5 20. Rxc5 c6 21.
Be3 Rb8 22. a4 Rb3 23. Rc1 Nb7 24. Rf5 Qe7 25. Bxa7 Qa3 26. Rd1 Nd8 27. Bc5 Qxa4
28. Bb4 d5 29. Re1 Re6 30. Rxe6 Nxe6 31. Rxf7 Rxb4 32. cxb4 Qxb4 33. Rd7 Qe1+
34. Kg2 Qe5 35. Qf7+ Kh7 36. Re7 Ng5 37. Qf8 Ne6 38. Qe8 1-0

[Event "London Classic Open 2019"]
[Site "London ENG"]
[Date "2019.12.05"]
[Round "8.33"]
[White "Dias, Savin"]
[Black "Ethelontis, Alexandros N"]
[Result "1-0"]
[WhiteElo "1916"]
[BlackElo "2139"]
[WhiteFideId "442399"]
[BlackFideId "405469"]
[EventDate "2019.11.29"]

1. e4 d6 2. d4 Nf6 3. Nc3 g6 4. f4 Bg7 5. Nf3 O-O 6. Be2 c5 7. e5 Ng4 8. dxc5
dxe5 9. Qxd8 Rxd8 10. h3 Nh6 11. fxe5 Nf5 12. Bf4 Nc6 13. Bb5 Ncd4 14. O-O-O Be6
15. Bd3 Nxf3 16. Bxf5 Rxd1+ 17. Rxd1 Bxf5 18. gxf3 Bxh3 19. b4 h5 20. Kd2 Rc8
21. Ke3 Be6 22. Nd5 Kf8 23. c4 Bf5 24. Bg5 Bxe5 25. Nxe7 Re8 26. Nxf5 Bf6+ 27.
Kf4 Be5+ 28. Ke4 Bf6+ 29. Kd5 Re5+ 30. Kd6 Re6+ 31. Kd7 Bxg5 32. Nd6 Re7+ 33.
Kc8 Bf4 34. b5 h4 35. Rh1 b6 36. Rxh4 g5 37. Rh8+ Kg7 38. Nf5+ Kxh8 39. Nxe7
bxc5 40. Kb7 Kg7 41. Kxa7 f6 42. Kb6 Kf7 43. Nd5 Be5 44. a4 Ke8 45. a5 1-0

[Event "London Classic Open 2019"]
[Site "London ENG"]
[Date "2019.12.05"]
[Round "8.37"]
[White "Brozel, Sacha"]
[Black "Penna, Tommaso"]
[Result "1-0"]
[WhiteElo "2188"]
[BlackElo "2007"]
[WhiteFideId "429317"]
[BlackFideId "847836"]
[EventDate "2019.11.29"]

1. g3 g6 2. Bg2 Bg7 3. c4 d6 4. Nc3 Nf6 5. e4 O-O 6. Nge2 Nc6 7. O-O a6 8. d3
Rb8 9. f4 Bd7 10. a4 Qc8 11. Be3 Ng4 12. Bd2 Nb4 13. Bc1 c5 14. h3 Nf6 15. Kh2
Ne8 16. Be3 Nc7 17. Rc1 Ne6 18. Nd5 Qe8 19. Nxb4 cxb4 20. f5 Nc5 21. b3 b5 22.
axb5 axb5 23. d4 Na4 24. bxa4 bxa4 25. Ra1 Qc8 26. Qd3 b3 27. Nc3 Qa6 28. Rfb1
Rfc8 29. Bf1 Qa5 30. fxg6 hxg6 31. Bc1 Kf8 32. Bb2 Rb4 33. Qe3 Qh5 34. Nd5 Rbxc4
35. Bxc4 Qxh3+ 36. Kg1 Rxc4 37. Nf4 Qh8 38. Ne2 Rc2 39. Bc3 Bb5 40. Rxb3 Rxe2
41. Qxe2 Bxd4+ 42. Kg2 axb3 43. Qxb5 Qf6 44. Rf1 Qe6 45. Qb8+ Kg7 46. Bxd4+ f6
47. Qb7 1-0

[Event "London Classic Open 2019"]
[Site "London ENG"]
[Date "2019.12.05"]
[Round "8.38"]
[White "Chapman, Matt"]
[Black "Walker, Martin G"]
[Result "0-1"]
[BlackTitle "FM"]
[WhiteElo "1937"]
[BlackElo "2162"]
[WhiteFideId "435848"]
[BlackFideId "410969"]
[EventDate "2019.11.29"]

1. d4 Nf6 2. Nf3 g6 3. Bg5 Bg7 4. Nbd2 d5 5. e3 O-O 6. c3 Nbd7 7. Be2 c6 8. O-O
Re8 9. Bh4 e5 10. Bg3 exd4 11. cxd4 Ne4 12. Nxe4 dxe4 13. Nd2 Nb6 14. Qc2 Qe7
15. Nb3 Nd5 16. a3 h6 17. Rac1 Kh7 18. Bc4 Rd8 19. Nc5 f5 20. b4 b6 21. Nb3 Bb7
22. Nd2 Rac8 23. Qb3 g5 24. Rc2 c5 25. bxc5 f4 26. Nxe4 fxg3 27. Nd6 gxf2+ 28.
Rcxf2 Rxd6 29. cxd6 Qxd6 30. Rf7 Rc7 31. Rxc7 Nxc7 32. Rf7 Kh8 33. Qa4 b5 34.
Bxb5 Qd5 35. Rf2 Nxb5 36. Qb4 Qd7 37. h3 Nd6 38. Rc2 Qe7 39. Qd2 Nf5 40. Rc3 Qe4
41. Rb3 Bd5 42. Rc3 Nxe3 0-1